Průvodce historickou expozicí Národního muzea /

Hlavní autor: Burian, Jiří, 1935-1999
Korporativní autor: Národní muzeum (Praha, Česko)
Další autoři: Vondruška, Vlastimil, 1955-
Jazyk: Čeština
Vydáno: Praha : Panorama, 1987
Vydání: 1. vyd.
Témata:
Externí odkaz: Digitalizovaný dokument
Fyzický popis: 156 s., barev. obr. příl. : il.
Language note: Anglické, francouzské, německé a ruské resumé
Knihy
Uloženo v:
LEADER 01734nam a22004332a 4500
001 000226188
003 CZ BrMZK
005 20181031135342.0
007 ta
008 970103s1987 xr af f cze d
015 |a cnb000042716 
035 |a (OCoLC)17274747 
035 |a (OCoLC)39422307 
040 |a BOA001  |b cze 
041 0 |a cze  |b eng  |b ger  |b fre  |g rus 
072 7 |a 069  |x Muzea. Muzeologie. Muzejnictví. Výstavy  |2 Konspekt  |9 12 
080 |a 069(1-4)  |2 MRF 
080 |a 069.5  |2 MRF 
080 |a (437.311)  |2 MRF 
080 |a (036)  |2 MRF 
100 1 |a Burian, Jiří,  |d 1935-1999  |7 jk01020369  |4 aut 
245 1 0 |a Průvodce historickou expozicí Národního muzea /  |c Jiří Burian, Vlastimil Vondruška 
250 |a 1. vyd. 
260 |a Praha :  |b Panorama,  |c 1987 
300 |a 156 s., barev. obr. příl. :  |b il. 
546 |a Anglické, francouzské, německé a ruské resumé 
550 |a Vydavatel: Národní muzeum v Praze 
610 2 7 |a Národní muzeum (Praha, Česko)  |7 kn20010709075 
650 0 7 |a národní muzea  |z Česko  |7 ph123435  |2 czenas 
650 0 7 |a muzejní sbírky  |z Česko  |7 ph137908  |2 czenas 
651 7 |a Praha (Česko)  |7 ge118011  |2 czenas 
655 7 |a průvodce  |7 fd133154  |2 czenas 
700 1 |a Vondruška, Vlastimil,  |d 1955-  |7 xx0004129  |4 aut 
710 2 |a Národní muzeum (Praha, Česko)  |7 kn20010709075 
856 4 1 |u http://www.digitalniknihovna.cz/mzk/uuid/uuid:1444ed20-b95f-11e3-9d7d-005056827e51  |y Digitalizovaný dokument  |x NDK 
910 |a BOA001  |b TK-0232.962  |b 2-0931.908 
990 |a BK 
996 7 |b 2619336801  |c 2-0931.908  |l MZK  |r Sklad / do 1 hodiny  |n 0  |w 000226188  |u 000020  |a 1  |e BOA001  |j MZK50  |s A 
996 7 |b 2629996518  |c TK-0232.962  |l MZK  |r Sklad / do 24 hodin  |n 2  |w 000226188  |u 000010  |a 1  |e BOA001  |j MZK50  |s A